000 00736nam a22002177a 4500
005 20250827124749.0
010 _aENG-146549
020 _a9789367134672
_c1040.00
035 _aEN-130081
037 _bDBAD
082 _a621.3822
_25
100 _aProakis, John G.
_984396
245 _aDigital Signal Processing/
_cJohn G. Proakis [and] Dimitris G Manolakis)
250 _a5
260 _aNoida
_bPearson India Education
_c2025
270 _a15th Floor, Towe-B, World Trade Tower, Plot No.1, Block-C, Sector-16
_bNoida
_e201301
300 _axxi. 1146p.
_c23cm(pb)
500 _aPrinciples, Algorithms and Applications
700 _aManolakis), Dimitris G
_eAuthor
_984397
942 _2ddc
_cEN
_h621.3822
_mPRO
999 _c213183
_d213183